[Event "Mistrzostwa Polski Juniorow do lat 18 - Chlopcy"]
[Site "Jastrzebia Gora"]
[Date "1899-12-30"]
[Round "3.7"]
[White "Backiel, Hubert"]
[Black "Kacprzak, Kacper"]
[Result "0-1"]
[WhiteTitle "k"]
[BlackTitle "k++"]
[WhiteElo "2127"]
[BlackElo "2248"]

1. e4 c5 2. Nf3 d6 3. Bb5+ Bd7 4. Bxd7+ Qxd7 5. c4 Nf6 6. Nc3 g6 7. d4 cxd4 8.
Nxd4 Bg7 9. h3 Qc7 10. Qe2 O-O 11. O-O Nc6 12. Nc2 Rac8 13. Rb1 Nd7 14. Bd2 Nc5
15. Rfd1 Qd7 16. Be3 Bxc3 17. Bxc5 Bg7 18. Ba3 Qe6 19. b3 f5 20. Re1 Bc3 21. exf5
Qxf5 22. Qe6+ Qxe6 23. Rxe6 Be5 24. Bb2 Kf7 25. Rxe5 dxe5 26. Re1 Rfd8 27. Bc1
Rd3 28. Ne3 a5 29. Kf1 a4 30. bxa4 Na5 31. Ke2 Rdd8 32. c5 Rxc5 33. Ba3 Rc7 34.
Rb1 Rd4 35. Bb2 Rxa4 36. Bxe5 Rxa2+ 37. Kf3 Rd7 38. Bc3 Nc6 39. Rb6 Ra3 40. Bb2
Ra4 41. Bc3 Nd4+ 42. Bxd4 Raxd4 43. Ng4 Rc7 44. Rb3 h5 45. Ne3 Rd6 46. g4 hxg4+
47. hxg4 b6 48. Kg3 Rc5 49. f4 b5 50. Kf3 Rd4 51. f5 g5 0-1

[Event "Mistrzostwa Polski Juniorow do lat 18 - Chlopcy"]
[Site "Jastrzebia Gora"]
[Date "1899-12-30"]
[Round "3.8"]
[White "Karolczuk, Iwo"]
[Black "Krasniewski, Szymon"]
[Result "1-0"]
[WhiteTitle "FM"]
[BlackTitle "I"]
[WhiteElo "2346"]
[BlackElo "1771"]

1. e4 c5 2. Nc3 Nc6 3. Bb5 g6 4. Bxc6 dxc6 5. d3 Bg7 6. f4 Nf6 7. Nf3 O-O 8. Be3
b6 9. Qd2 a5 10. a4 Qc7 11. h3 Ba6 12. O-O c4 13. d4 b5 14. axb5 cxb5 15. e5 Ne8
16. Ne4 Bb7 17. Nc5 Bd5 18. Qe1 e6 19. g4 Qc6 20. Qg3 Nc7 21. Nh4 f5 22. exf6
Bxf6 23. f5 gxf5 24. gxf5+ Kh8 25. Kh2 exf5 26. Rg1 Rg8 27. Qf2 Ne6 28. Nxf5 Qc7+
29. Ng3 Raf8 30. Nxe6 Bxe6 31. Raf1 Rf7 32. Bf4 Qd8 33. c3 Qd5 34. Qe2 Rg6 35.
Nh5 Be7 36. Be5+ Kg8 37. Nf4 Rxf4 38. Rxg6+ hxg6 39. Rxf4 Bg5 40. Rf1 Bf5 41.
Rxf5 gxf5 42. Qh5 1-0

[Event "Mistrzostwa Polski Juniorow do lat 18 - Chlopcy"]
[Site "Jastrzebia Gora"]
[Date "1899-12-30"]
[Round "3.9"]
[White "Zdybel, Przemyslaw"]
[Black "Jedraszek, Pawel"]
[Result "1-0"]
[WhiteTitle "I++"]
[BlackTitle "I+"]
[WhiteElo "2268"]
[BlackElo "1944"]

1. e4 c5 2. Nc3 a6 3. g3 b5 4. Bg2 Bb7 5. d3 e6 6. Nh3 b4 7. Ne2 d5 8. O-O dxe4
9. dxe4 Qxd1 10. Rxd1 Nf6 11. e5 Bxg2 12. Kxg2 Nfd7 13. f4 Be7 14. Nf2 Nc6 15.
c4 Kd8 16. Be3 Kc7 17. Ne4 Na5 18. b3 h6 19. Nd6 Bxd6 20. Rxd6 Nb7 21. Rdd1 Kc6
22. h3 f6 23. exf6 gxf6 24. Rd2 h5 25. Rad1 Rh7 26. f5 exf5 27. Nf4 Ne5 28. Nd5
Rf8 29. Bf4 Ng6 30. Re1 Nxf4+ 31. Nxf4 Kb6 32. Rd5 h4 33. gxh4 Rg8+ 34. Kf3 Rxh4
35. Rxf5 Nd8 36. Rxf6+ Nc6 37. Ree6 Ka5 38. Kf2 Rg5 39. Rd6 Re5 40. Ng6 Rf5+ 41.
Rxf5 1-0

[Event "Mistrzostwa Polski Juniorow do lat 18 - Chlopcy"]
[Site "Jastrzebia Gora"]
[Date "1899-12-30"]
[Round "3.10"]
[White "Kacprzak, Karol"]
[Black "Karut, Kacper"]
[Result "1-0"]
[WhiteTitle "k+"]
[BlackTitle "I"]
[WhiteElo "2221"]
[BlackElo "1904"]

1. e4 c5 2. Nf3 d6 3. d4 cxd4 4. Nxd4 Nf6 5. Nc3 Nc6 6. f3 e5 7. Nb3 Be7 8. Be3
O-O 9. Qe2 Be6 10. O-O-O Qb8 11. g4 Rc8 12. g5 Nh5 13. Kb1 b6 14. Nd5 Bxd5 15.
exd5 Na5 16. f4 g6 17. f5 Nc4 18. Bc1 b5 19. f6 Bf8 20. Bh3 Rc7 21. Bg4 Nf4 22.
Qf1 Qb6 23. Qg1 Qb7 24. Qf2 a5 25. Bxf4 a4 26. Bc1 axb3 27. cxb3 Qa6 28. a3 Na5
29. Qe3 b4 30. a4 Nb7 31. Qe2 Qa5 32. Be3 Nc5 33. Bxc5 Rxc5 34. Rc1 Ra7 35. Bf3
Qc7 36. Be4 Qb6 37. h4 h5 38. Qd3 Kh7 39. Rhd1 Rac7 40. Qd2 Rd7 41. Qe2 Kg8 42.
Rxc5 dxc5 43. d6 Rxd6 44. Rxd6 Qxd6 45. Qc4 Qd4 46. a5 Qxc4 47. bxc4 Bd6 48. a6
Bb8 49. Kc2 Kf8 50. Kb3 Ke8 51. Ka4 Kd7 52. Kb5 Ba7 53. Bd5 Kd6 54. Bxf7 e4 55.
Bxg6 e3 56. Bxh5 1-0

[Event "Mistrzostwa Polski Juniorow do lat 18 - Chlopcy"]
[Site "Jastrzebia Gora"]
[Date "1899-12-30"]
[Round "3.11"]
[White "Malik, Maciej"]
[Black "Taranowicz, Michal"]
[Result "0-1"]
[WhiteTitle "k"]
[BlackTitle "I++"]
[WhiteElo "2163"]
[BlackElo "1900"]

1. e4 e6 2. Nf3 d5 3. Nc3 Nf6 4. e5 Nfd7 5. Ne2 c5 6. c3 Nc6 7. d4 Qb6 8. a3 cxd4
9. cxd4 f6 10. exf6 Nxf6 11. Nf4 Bd6 12. Bd3 O-O 13. O-O Qc7 14. Ne2 e5 15. dxe5
Nxe5 16. Nxe5 Bxe5 17. Ng3 Bd7 18. Qb3 Bc6 19. Bg5 Kh8 20. Qb4 Ne4 21. Bxe4 dxe4
22. Rad1 Rae8 23. Be3 a5 24. Qb3 a4 25. Qb4 Rf6 26. Rd2 h5 27. Rfd1 h4 28. Nf1
h3 29. gxh3 Rf3 30. Bb6 Qf7 31. Rd8 Rxd8 32. Rxd8+ Kh7 33. Qd2 Rxh3 34. Qg5 Rh5
35. Qg4 Bf6 36. Rf8 Qg6 37. Rh8+ Kxh8 38. Qxg6 Rg5+ 39. Qxg5 Bxg5 40. Bd4 Kg8
41. Ne3 Bf4 42. Bc3 Kf7 43. Bd4 g5 44. Ng2 Bd6 45. Ne3 Ke6 46. Bc3 Bb5 47. Bd4
Be2 48. Bc3 Kf7 49. Nf5 Bf4 50. h4 g4 51. h5 Bc4 52. Kg2 Kg8 53. h6 Kh7 54. Ng3
Bd5 55. Nh5 e3+ 56. Kg1 Bg5 57. fxe3 Bxe3+ 58. Kf1 Kxh6 59. Ng3 Kg5 60. Ke2 Bf4
61. Kf2 Kh4 62. Nf1 Kh3 63. Bd4 Bc4 64. Kg1 Bxf1 65. Kxf1 g3 66. Ke2 g2 67. Kd3
Be5 68. Bg1 Bxb2 69. Kc4 Bxa3 70. Kb5 Bd6 71. Kxa4 Bh2 0-1

[Event "Mistrzostwa Polski Juniorow do lat 18 - Chlopcy"]
[Site "Jastrzebia Gora"]
[Date "1899-12-30"]
[Round "3.12"]
[White "Wojdak, Jan"]
[Black "Madajczak, Piotr"]
[Result "1/2-1/2"]
[WhiteTitle "k"]
[BlackTitle "I+"]
[WhiteElo "2097"]
[BlackElo "1897"]

1. e4 c6 2. d4 d5 3. exd5 cxd5 4. Bd3 Nc6 5. c3 Nf6 6. Bf4 Bg4 7. Qb3 Qd7 8. Nd2
e6 9. Ngf3 Bd6 10. Bxd6 Qxd6 11. O-O O-O 12. Rae1 Ne7 13. Ne5 Bf5 14. Re3 Rab8
15. Rfe1 b5 16. a3 a5 17. Bxf5 Nxf5 18. Rh3 b4 19. axb4 axb4 20. Qc2 bxc3 21.
bxc3 g6 22. g4 Ng7 23. Qc1 h5 24. gxh5 Ngxh5 25. Ndf3 Kg7 26. Nh4 Rh8 27. Rf3
Rb7 28. Qg5 Rh6 29. Qd2 Qd8 30. Qg5 Qb8 31. Qe3 Rh7 32. Rh3 Rb1 33. Nhf3 Rxe1+
34. Qxe1 Nf4 35. Rxh7+ Nxh7 36. Nd7 Qc7 37. Nc5 Nf6 38. Ne5 Qa5 39. Kh1 Qa2 40.
Ncd3 Nxd3 41. Nxd3 Qc2 42. Nc5 Qf5 43. Qe2 Qh3 44. f3 Nh5 45. Kg1 Kg8 46. Nd3
Qh4 47. Qe5 Qh3 48. Kf2 Qh4+ 49. Kg1 Qd8 50. Qe1 Qg5+ 51. Kh1 Ng7 52. Qc1 Qf5
53. Qe3 Qh3 54. Kg1 Nf5 55. Qf4 Nh4 56. Ne1 Nf5 57. Qb8+ Kg7 58. Qe5+ Kg8 1/2-1/2

[Event "Mistrzostwa Polski Juniorow do lat 18 - Chlopcy"]
[Site "Jastrzebia Gora"]
[Date "1899-12-30"]
[Round "3.13"]
[White "Kozlowski, Franciszek"]
[Black "Budzisz, Adrian"]
[Result "0-1"]
[WhiteTitle "I+"]
[BlackTitle "k"]
[WhiteElo "1829"]
[BlackElo "2069"]

1. d4 Nf6 2. Nf3 e6 3. c4 d5 4. e3 c6 5. Nc3 Nbd7 6. Qc2 Bd6 7. Be2 O-O 8. O-O
a6 9. b3 Qe7 10. Bb2 e5 11. dxe5 Nxe5 12. cxd5 cxd5 13. Rfd1 Be6 14. Nd4 Ba3 15.
Bxa3 Qxa3 16. Qc1 Qa5 17. Qb2 Rfe8 18. Nb1 Rac8 19. Nd2 Ne4 20. Nxe4 dxe4 21.
Rac1 Bg4 22. Bxg4 Nxg4 23. b4 Qe5 24. g3 Qh5 25. h4 Ne5 26. Qe2 Qg6 27. Rxc8 Rxc8
28. Rd2 Qd6 29. Rc2 Rd8 30. a3 h6 31. Kg2 g6 32. h5 Kg7 33. hxg6 fxg6 34. Rc7+
Kh8 35. Rxb7 Rf8 36. Qb2 Qf6 37. Nc6 Nxc6 38. Qxf6+ Rxf6 39. Rb6 Kg7 40. Rxa6
Ne5 41. Ra7+ Rf7 42. Ra8 Nd3 43. b5 Rxf2+ 44. Kg1 Rb2 45. a4 Kf6 46. Rb8 Kf5 47.
a5 Kg4 48. b6 Kxg3 0-1

[Event "Mistrzostwa Polski Juniorow do lat 18 - Chlopcy"]
[Site "Jastrzebia Gora"]
[Date "1899-12-30"]
[Round "3.14"]
[White "Kotowicz, Kamil"]
[Black "Stachecki, Mikolaj"]
[Result "1/2-1/2"]
[WhiteTitle "I"]
[BlackTitle "I++"]
[WhiteElo "1828"]
[BlackElo "2015"]

1. d4 d5 2. c4 e6 3. cxd5 exd5 4. Bf4 Bd6 5. Bxd6 Qxd6 6. e3 Bf5 7. Nc3 c6 8. Bd3
Bg6 9. Nge2 Nf6 10. Nf4 O-O 11. O-O Nbd7 12. Rb1 Rfe8 13. Nxg6 hxg6 14. b4 Rad8
15. Re1 Ne4 16. Bxe4 dxe4 17. Qe2 Nf6 18. Rec1 Rc8 19. a3 g5 20. Na4 b6 21. Nb2
Red8 22. Rd1 Qe7 23. Rbc1 g6 24. Rc2 Rc7 25. Rdc1 Rdc8 26. Nc4 c5 27. dxc5 bxc5
28. b5 Nd7 29. Rd1 Ne5 30. Nxe5 Qxe5 31. Qc4 Qe7 32. Rcd2 Kg7 33. g3 Rh8 34. a4
Qf6 35. Qxe4 Re7 36. Qd5 g4 37. Qxc5 Re5 38. Qd4 Qf5 39. h4 g5 40. Qd7 Qf3 41.
Rd4 Rf5 42. R1d2 gxh4 43. Qc6 hxg3 44. Qxf3 gxf3 45. Rg4+ Kf6 46. Rxg3 Ke5 47.
Rd4 Rfh5 48. Kf1 Rh1+ 49. Rg1 Rc8 50. Rd1 Rh2 1/2-1/2

[Event "Mistrzostwa Polski Juniorow do lat 18 - Chlopcy"]
[Site "Jastrzebia Gora"]
[Date "1899-12-30"]
[Round "3.15"]
[White "Pieczulis, Blazej"]
[Black "Syrkiewicz, Michal"]
[Result "0-1"]
[WhiteTitle "I"]
[BlackTitle "k"]
[WhiteElo "1784"]
[BlackElo "2000"]

1. d4 Nf6 2. c4 e6 3. Nf3 d5 4. e3 a6 5. Nbd2 c5 6. Be2 cxd4 7. Nxd4 Bd6 8. cxd5
exd5 9. N2f3 O-O 10. O-O Nc6 11. b3 Ne4 12. Bb2 Re8 13. Rc1 Ne5 14. Nxe5 Bxe5
15. f4 Bc7 16. Bg4 Bb6 17. Bxc8 Rxc8 18. Qd3 Qd7 19. Rxc8 Rxc8 20. Nf3 f6 21.
Rd1 Rd8 22. Bd4 Qc6 23. Kf1 Kf7 24. Nd2 Bxd4 25. Qxd4 Nc3 26. Rc1 Qb5+ 27. Nc4
Nxa2 28. Ra1 Qxb3 29. Nd2 Qb5+ 30. Kf2 Nb4 31. Qc3 Rd7 32. Nb3 Nd3+ 33. Kg3 Qc4
34. Qxc4 dxc4 35. Nd4 Rd6 36. Rb1 b5 37. Kf3 Rb6 38. Ke4 g6 39. g4 Ke7 40. h4
Kd6 41. f5 Nc5+ 42. Kf4 b4 43. fxg6 hxg6 44. h5 gxh5 45. gxh5 Ne6+ 46. Ke4 Ng5+
47. Kf5 Kc5 48. h6 c3 49. Nb3+ Kb5 50. e4 Nh7 51. Kg6 Rb7 52. Nd4+ Kc4 53. Nf5
Kd3 54. Rd1+ Ke2 55. Rh1 c2 56. Ng7 Nf8+ 57. Kxf6 Kd2 58. Rh2+ Kc3 59. Rh1 Kb2
60. e5 c1=Q 61. Rxc1 Kxc1 62. e6 Nxe6 63. h7 Rb8 64. Nxe6 b3 65. Kf7 Rh8 66. Kg7
Rxh7+ 67. Kxh7 b2 0-1

[Event "Mistrzostwa Polski Juniorow do lat 18 - Chlopcy"]
[Site "Jastrzebia Gora"]
[Date "1899-12-30"]
[Round "3.16"]
[White "Biesiadecki, Adam"]
[Black "Kitewski, Bartosz"]
[Result "1-0"]
[WhiteTitle "I"]
[BlackTitle "I++"]
[WhiteElo "1761"]
[BlackElo "1968"]

1. d4 Nf6 2. c4 g6 3. Nc3 d5 4. Nf3 Bg7 5. Qb3 dxc4 6. Qxc4 O-O 7. e4 Nc6 8. Be2
e5 9. d5 Nd4 10. O-O b5 11. Qd3 b4 12. Nxd4 exd4 13. Na4 Re8 14. Bg5 Qd7 15. Bxf6
Bxf6 16. Nc5 Qd6 17. Rac1 Bg5 18. Rc2 f5 19. Qxd4 Bf6 20. Qc4 fxe4 21. Nxe4 Rxe4
22. Qxe4 Bf5 23. Qc4 Bxc2 24. Qxc2 Rf8 25. b3 Kh8 26. Qe4 Bc3 27. Bf3 Be5 28.
g3 Qf6 29. Kg2 Bd6 30. Rd1 Kg7 31. Rd3 Bc5 32. Qc4 Qd6 33. Rd2 Rf6 34. Re2 Qf8
35. Qd3 Rf7 36. Re6 Rf5 37. h4 Bb6 38. Qe4 Qc5 39. Re7+ Rf7 40. Qe5+ Kg8 41. Re8+
Rf8 42. Rxf8+ Qxf8 43. d6 Qxd6 44. Bd5+ Kf8 45. Qh8+ Ke7 46. Qxh7+ Kf6 47. Qf7+
Ke5 48. Bf3 Qc5 49. Qg7+ Kf5 50. Bg4+ Ke4 51. Qxg6+ Kd4 52. Qf6+ Qe5 53. Qxe5+
Kxe5 54. Kf3 Bd4 55. Ke2 Kf6 56. Bd7 Kg6 57. f4 Bc3 58. Kf3 Be1 59. Be8+ Kf6 60.
h5 Bd2 61. g4 Bc1 62. g5+ Kg7 63. Ke4 1-0

[Event "Mistrzostwa Polski Juniorow do lat 18 - Chlopcy"]
[Site "Jastrzebia Gora"]
[Date "1899-12-30"]
[Round "3.17"]
[White "Pisarek, Jan"]
[Black "Lis, Maksymilian"]
[Result "0-1"]
[WhiteTitle "I"]
[BlackTitle "I"]
[WhiteElo "1931"]
[BlackElo "1784"]

1. e4 d5 2. exd5 Qxd5 3. Nc3 Qd8 4. d4 Nf6 5. Nf3 Bg4 6. h3 Bxf3 7. Qxf3 c6 8.
Be3 e6 9. O-O-O Bb4 10. Ne4 Nxe4 11. Qxe4 Qd5 12. Qxd5 cxd5 13. c4 dxc4 14. Bxc4
Nd7 15. Bb3 O-O-O 16. Kb1 Bd6 17. d5 e5 18. g4 Kb8 19. Rhf1 Bc5 20. Bc2 Kc7 21.
Bxc5 Nxc5 22. f4 exf4 23. Rxf4 f6 24. b4 Na6 25. Re4 Rhe8 26. d6+ Kb6 27. Red4
Nb8 28. a4 a6 29. a5+ Ka7 30. Ba4 Re6 31. Kb2 Nc6 32. Bxc6 bxc6 33. R1d3 Kb7 34.
Kc3 Kc8 35. Kc4 Kd7 36. h4 Rb8 37. Rd2 Rb5 38. R2d3 Re1 39. Rc3 Rb1 40. Rb3 Rxb3
41. Kxb3 c5 42. Rd5 Rxb4+ 43. Kc3 Rxg4 44. Rxc5 Kxd6 45. Rc8 Ra4 46. h5 Rxa5 47.
Rg8 Rg5 48. h6 gxh6 49. Rh8 h5 50. Rxh7 a5 51. Kd3 Re5 52. Rh8 Ke6 53. Kd2 Kf7
54. Kd1 Kg6 55. Kd2 Kg5 56. Rg8+ Kf4 57. Rh8 a4 58. Ra8 Re4 59. Rh8 Kg5 60. Kd3
Re1 61. Kd2 Ra1 62. Rg8+ Kf4 63. Ke2 a3 64. Ra8 a2 0-1

[Event "Mistrzostwa Polski Juniorow do lat 18 - Chlopcy"]
[Site "Jastrzebia Gora"]
[Date "1899-12-30"]
[Round "3.19"]
[White "Sternik, Piotr"]
[Black "Paprocki, Antoni"]
[Result "0-1"]
[WhiteTitle "I"]
[BlackTitle "k"]
[WhiteElo "1746"]
[BlackElo "2255"]

1. d4 Nf6 2. c4 e6 3. Nf3 b6 4. g3 Ba6 5. Qc2 Bb7 6. Bg2 c5 7. d5 exd5 8. cxd5
Nxd5 9. O-O Be7 10. Rd1 Qc8 11. a3 Nf6 12. Bg5 O-O 13. Nc3 d5 14. Nxd5 Nxd5 15.
Rxd5 f6 16. Qc4 b5 17. Qa2 Qe6 18. Bh3 Qf7 19. e4 fxg5 20. Ne5 Bxd5 21. exd5 Qxf2+
22. Kh1 Bd6 23. Rf1 Qxf1+ 24. Bxf1 Rxf1+ 25. Kg2 Rf8 26. Nf3 g4 27. Ng5 Nd7 28.
Qb1 g6 29. Ne4 Be5 30. Qd1 Nf6 31. d6 Bd4 32. Ng5 Nd5 33. Qb3 Rf2+ 0-1

[Event "Mistrzostwa Polski Juniorow do lat 18 - Chlopcy"]
[Site "Jastrzebia Gora"]
[Date "1899-12-30"]
[Round "3.20"]
[White "Zeissel, Andrzej"]
[Black "Kolodziejski, Piotr"]
[Result "0-1"]
[WhiteTitle "I"]
[BlackTitle "k"]
[WhiteElo "1717"]
[BlackElo "2118"]

1. e4 c5 2. Nf3 d6 3. d4 cxd4 4. Nxd4 Nf6 5. Nc3 a6 6. Bg5 e6 7. f4 Nbd7 8. Qf3
Qc7 9. O-O-O Be7 10. g4 h6 11. Bxf6 Bxf6 12. h4 Nb6 13. g5 Be7 14. g6 O-O 15.
gxf7+ Rxf7 16. Bh3 Rf6 17. Rhg1 Bf8 18. Rg2 Qf7 19. Nde2 Nc4 20. Qd3 b5 21. b3
Nb6 22. e5 dxe5 23. Ne4 exf4 24. Nxf6+ Qxf6 25. Qd4 e5 26. Qe4 Bxh3 27. Rg6 Bf5
28. Qxa8 Nxa8 29. Rxf6 gxf6 30. Rd8 Nb6 31. Rb8 Nd7 32. Ra8 Nc5 33. Nc3 Kf7 34.
Kd2 e4 35. Nd5 Bd6 36. b4 e3+ 37. Ke1 Ne4 38. Rxa6 Be5 39. a4 Be6 40. Ra7+ Kg6
41. Ne7+ Kh5 42. axb5 Bc3+ 43. Ke2 Bg4+ 44. Kd3 e2 45. Nd5 Nf2+ 46. Kc4 Be6 0-1

[Event "Mistrzostwa Polski Juniorow do lat 18 - Chlopcy"]
[Site "Jastrzebia Gora"]
[Date "1899-12-30"]
[Round "4.1"]
[White "Luberanski, Jakub"]
[Black "Dzida, Kamil"]
[Result "1/2-1/2"]
[WhiteTitle "FM"]
[BlackTitle "m"]
[WhiteElo "2242"]
[BlackElo "2333"]

1. d4 Nf6 2. c4 e6 3. Nf3 d5 4. g3 Be7 5. Bg2 O-O 6. O-O dxc4 7. Qc2 b6 8. Ne5
Qxd4 9. Bxa8 Qxe5 10. Bf3 Nd5 11. Qxc4 Ba6 12. Qe4 Nc6 13. Nc3 Qxe4 14. Bxe4 Nd4
15. Bxd5 exd5 16. Rd1 Nc2 17. Rb1 d4 18. Nd5 Bd6 19. Bf4 Bxe2 20. Bxd6 cxd6 21.
Rd2 d3 22. Nf4 Nd4 23. Kg2 Bf3+ 24. Kf1 Bb7 25. Rbd1 Re8 26. Rxd3 Ba6 27. Kg2
Bxd3 28. Rxd3 Ne6 29. Rxd6 Nxf4+ 30. gxf4 g6 31. Rd7 Re2 32. Rxa7 1/2-1/2

[Event "Mistrzostwa Polski Juniorow do lat 18 - Chlopcy"]
[Site "Jastrzebia Gora"]
[Date "1899-12-30"]
[Round "4.2"]
[White "Kacprzak, Kacper"]
[Black "Kaliszuk, Kamil"]
[Result "1-0"]
[WhiteTitle "k++"]
[BlackTitle "k"]
[WhiteElo "2248"]
[BlackElo "2217"]

1. e4 e5 2. Nf3 Nc6 3. Bb5 a6 4. Ba4 Nf6 5. O-O Be7 6. Re1 b5 7. Bb3 d6 8. c3 O-O
9. h3 Nb8 10. d4 Nbd7 11. c4 c6 12. Nc3 Bb7 13. a3 h6 14. Qc2 Re8 15. Be3 Bf8
16. cxb5 cxb5 17. Rad1 Qc7 18. Qb1 exd4 19. Bxd4 Nc5 20. Bc2 Nfd7 21. Nd5 Bxd5
22. exd5 Ne5 23. Nd2 Qb7 24. b4 Ncd7 25. f4 Nc4 26. Nxc4 bxc4 27. Rxe8 Rxe8 28.
Ba4 Rc8 29. Qe4 Nf6 30. Bc6 Nxe4 31. Bxb7 Rc7 32. Bxa6 c3 33. Rc1 c2 34. Bd3 Nc3
35. Rxc2 1-0

[Event "Mistrzostwa Polski Juniorow do lat 18 - Chlopcy"]
[Site "Jastrzebia Gora"]
[Date "1899-12-30"]
[Round "4.3"]
[White "Turski, Bartlomiej"]
[Black "Zdybel, Przemyslaw"]
[Result "0-1"]
[WhiteTitle "FM"]
[BlackTitle "I++"]
[WhiteElo "2352"]
[BlackElo "2268"]

1. e4 e5 2. Nf3 Nc6 3. Bc4 Nf6 4. d3 Be7 5. O-O d6 6. a4 O-O 7. Re1 Be6 8. Bxe6
fxe6 9. Nbd2 Qe8 10. Nf1 Nh5 11. c3 Qg6 12. d4 Nf4 13. Bxf4 Rxf4 14. d5 exd5 15.
Qxd5+ Kh8 16. Ng3 Raf8 17. Qb5 Nd8 18. Qd7 R4f7 19. Qxc7 Ne6 20. Qxb7 Nf4 21.
Qxa7 h5 22. a5 h4 23. a6 hxg3 24. fxg3 Nd3 25. Re2 d5 26. Qe3 Bc5 27. Nd4 Qxa6
28. Rd1 exd4 29. cxd4 Qa4 30. b3 Qxd4 0-1

[Event "Mistrzostwa Polski Juniorow do lat 18 - Chlopcy"]
[Site "Jastrzebia Gora"]
[Date "1899-12-30"]
[Round "4.4"]
[White "Budzisz, Adrian"]
[Black "Karolczuk, Iwo"]
[Result "1/2-1/2"]
[WhiteTitle "k"]
[BlackTitle "FM"]
[WhiteElo "2069"]
[BlackElo "2346"]

1. d4 Nf6 2. c4 e6 3. Nf3 b6 4. g3 Ba6 5. b3 Bb4+ 6. Bd2 Be7 7. Nc3 d5 8. cxd5
exd5 9. Bg2 O-O 10. O-O Nbd7 11. a3 Bb7 12. Bf4 Nh5 13. Bc1 Nhf6 14. Bf4 Nh5 15.
Bc1 Nhf6 16. Bf4 1/2-1/2

[Event "Mistrzostwa Polski Juniorow do lat 18 - Chlopcy"]
[Site "Jastrzebia Gora"]
[Date "1899-12-30"]
[Round "4.5"]
[White "Luczak, Filip"]
[Black "Ciszewski, Krzysztof"]
[Result "1-0"]
[WhiteTitle "FM"]
[BlackTitle "I++"]
[WhiteElo "2345"]
[BlackElo "2047"]

1. e4 c5 2. d4 cxd4 3. c3 dxc3 4. Nxc3 e6 5. Nf3 Nc6 6. Bc4 a6 7. O-O Nge7 8. Bg5
h6 9. Be3 Ng6 10. Qe2 b5 11. Bb3 Be7 12. Nd4 O-O 13. f4 Bb7 14. Qh5 Na5 15. f5
Nxb3 16. axb3 Nh8 17. Qg4 Bg5 18. Bf2 Re8 19. b4 Rc8 20. Nb3 d6 21. Rad1 Qe7 22.
Bg3 exf5 23. exf5 Rc4 24. Nd4 Rxb4 25. Kh1 Rxb2 26. Nf3 Rc8 27. Bxd6 Qe8 28. Rfe1
Qc6 29. Ne4 Qc4 30. h4 Bxe4 31. Rxe4 Qc2 32. Ne1 Qf2 33. hxg5 hxg5 34. Nd3 Qc2
35. Nxb2 Qxb2 36. Be5 Qc2 37. Red4 1-0

[Event "Mistrzostwa Polski Juniorow do lat 18 - Chlopcy"]
[Site "Jastrzebia Gora"]
[Date "1899-12-30"]
[Round "4.6"]
[White "Czernek, Tymon"]
[Black "Taranowicz, Michal"]
[Result "1/2-1/2"]
[WhiteTitle "FM"]
[BlackTitle "I++"]
[WhiteElo "2314"]
[BlackElo "1900"]

1. e4 c5 2. Nc3 g6 3. g3 Bg7 4. Bg2 Nc6 5. Nge2 e6 6. O-O Nge7 7. d3 O-O 8. Be3
Nd4 9. f4 d6 10. Bf2 Nec6 11. Rb1 Rb8 12. Nxd4 Nxd4 13. Ne2 Nxe2+ 14. Qxe2 Qa5
15. a3 b5 16. b4 Qc7 17. bxc5 dxc5 18. e5 Bb7 19. Bxb7 Rxb7 20. Qe4 Rfb8 21. g4
b4 22. a4 Bf8 23. f5 Qd7 24. Be3 Qd5 25. Qf4 Bg7 26. f6 Bf8 27. Rb3 Rc8 28. Qg3
c4 29. dxc4 Qxc4 30. Rf2 Rd7 31. Qf3 Qd5 32. Qxd5 Rxd5 33. Bxa7 Ra8 34. Be3 Rxe5
35. Rd2 g5 36. Kf2 h6 37. Rd7 Rea5 38. h4 gxh4 39. c3 Rxa4 40. cxb4 Rxb4 41. Rxb4
Bxb4 42. Bxh6 Bc5+ 43. Kg2 Ra3 44. g5 Ra7 45. Rd8+ Kh7 46. Kh3 Bf2 47. Kg4 Ra4+
48. Kf3 Bc5 49. Rc8 Bd4 50. Rf8 Ra7 51. Kg4 Bxf6 52. Kxh4 Bg7 53. Bxg7 Kxg7 54.
Re8 Ra4+ 55. Kh5 Ra1 56. Kg4 Rh1 57. Ra8 Rh8 58. Ra1 Kg6 59. Rf1 Rh2 60. Rf6+
Kg7 61. Rf1 Re2 62. Rf3 Re4+ 63. Kh5 Re1 64. Kg4 Rg1+ 65. Kh5 Kf8 66. Rf2 Ke7
67. Kh6 Kf8 68. Kh5 Rh1+ 69. Kg4 Ke7 70. Rf3 Rg1+ 71. Kf4 Kf8 72. Rh3 Kg7 73.
Rh2 Rf1+ 74. Kg4 e5 75. Re2 Rf4+ 76. Kh5 Rf5 77. Ra2 Rf4 78. Ra7 Rf1 79. Kg4 e4
80. Re7 Re1 81. Kf4 Kg6 82. Ra7 e3 83. Ra6+ Kg7 84. Kf3 e2 85. Kf2 Rg1 86. Kxe2
Rxg5 87. Kf3 Rf5+ 88. Kg4 Rf1 89. Rb6 Rc1 90. Ra6 Rf1 91. Rb6 f6 92. Ra6 Kg6 93.
Ra5 Rb1 94. Kf4 Rb4+ 95. Kf3 f5 96. Ra8 Rb3+ 1/2-1/2

[Event "Mistrzostwa Polski Juniorow do lat 18 - Chlopcy"]
[Site "Jastrzebia Gora"]
[Date "1899-12-30"]
[Round "4.7"]
[White "Dziendziel, Mateusz"]
[Black "Chyzy, Jakub"]
[Result "0-1"]
[WhiteTitle "I++"]
[BlackTitle "FM"]
[WhiteElo "2084"]
[BlackElo "2250"]

1. e4 e5 2. Nf3 Nc6 3. d4 exd4 4. Nxd4 Qf6 5. Be3 Bc5 6. c3 Nge7 7. Nc2 d6 8. Nd2
Qg6 9. h4 f5 10. h5 Qf7 11. Bb5 a6 12. Ba4 f4 13. Bb3 Qf6 14. Bxc5 dxc5 15. Qe2
Bd7 16. O-O-O O-O-O 17. g3 Ne5 18. gxf4 Qxf4 19. Kb1 Bg4 20. f3 Nxf3 21. Nxf3
Bxf3 22. Rdf1 Rhf8 23. Qh2 Bxh1 24. Qh3+ Kb8 25. Rxh1 Qxe4 26. Re1 c4 0-1

[Event "Mistrzostwa Polski Juniorow do lat 18 - Chlopcy"]
[Site "Jastrzebia Gora"]
[Date "1899-12-30"]
[Round "4.8"]
[White "Wilk, Igor"]
[Black "Ochedzan, Tymon"]
[Result "0-1"]
[WhiteTitle "I++"]
[BlackTitle "FM"]
[WhiteElo "2058"]
[BlackElo "2240"]

1. e4 c6 2. Nf3 d5 3. Nc3 Bg4 4. h3 Bxf3 5. Qxf3 e6 6. d3 Nd7 7. g3 Bc5 8. Bd2
Ne7 9. Bg2 O-O 10. Qe2 Qc7 11. Nd1 f5 12. exd5 Nxd5 13. Bxd5 exd5 14. Bf4 Qb6
15. O-O Rae8 16. Qd2 Ne5 17. Kg2 Ng6 18. c3 Nxf4+ 19. Qxf4 Re6 20. b4 Bd6 21.
Qf3 f4 22. g4 Rfe8 23. Rb1 Qa6 24. Rb2 Qa3 25. b5 Re1 26. Rxe1 Rxe1 27. bxc6 bxc6
28. Rb7 Qc1 29. Rd7 Be5 30. Rxd5 Bf6 31. Rc5 Qxd1 32. Qxc6 f3+ 33. Kg3 Rg1+ 34.
Kf4 Qd2+ 35. Kxf3 Qxd3+ 36. Kf4 g5+ 37. Rxg5+ Bxg5+ 38. Kxg5 Qg6+ 39. Qxg6+ hxg6
40. Kxg6 Rf1 0-1

[Event "Mistrzostwa Polski Juniorow do lat 18 - Chlopcy"]
[Site "Jastrzebia Gora"]
[Date "1899-12-30"]
[Round "4.9"]
[White "Syrkiewicz, Michal"]
[Black "Kacprzak, Karol"]
[Result "0-1"]
[WhiteTitle "k"]
[BlackTitle "k+"]
[WhiteElo "2000"]
[BlackElo "2221"]

1. e4 c5 2. Nf3 d6 3. d4 cxd4 4. Nxd4 Nf6 5. Nc3 a6 6. Be3 e6 7. Be2 Be7 8. f4
Qc7 9. g4 b5 10. g5 Nfd7 11. f5 Ne5 12. a3 Nbc6 13. Rf1 Bd7 14. Nxc6 Bxc6 15.
Qd4 Qb7 16. O-O-O a5 17. f6 gxf6 18. gxf6 Bf8 19. Qb6 Qxb6 20. Bxb6 b4 21. axb4
axb4 22. Nb5 Rb8 23. Nc7+ Kd7 24. Ba5 Bxe4 25. Na6 Rc8 26. Nxb4 Nc4 27. Bxc4 Rxc4
28. Nd3 Bh6+ 29. Kb1 Rd4 30. Bd2 Bxd2 31. Rxd2 Bxd3 32. Rxd3 Rxd3 33. cxd3 Rg8
34. Rf4 Rg6 35. d4 Rh6 36. Rf2 Rh4 37. Rg2 Rf4 38. Rg7 Rxf6 39. Rxh7 Kc6 40. Kc2
Kd5 41. Kd3 Rf3+ 42. Ke2 Rf4 43. Ke3 Re4+ 44. Kf3 f5 45. h4 Rxd4 46. h5 Rb4 47.
h6 Rxb2 48. Kg3 Rb1 49. Kg2 Rb4 50. Kg3 Rg4+ 51. Kh3 Rg1 52. Kh4 f4 53. Ra7 e5
54. h7 f3 55. h8=Q Rh1+ 56. Kg3 Rxh8 57. Kxf3 Rh3+ 58. Ke2 e4 59. Ra8 Kd4 60.
Ra4+ Ke5 61. Ra8 d5 62. Rb8 Rh2+ 63. Kd1 d4 64. Re8+ Kf4 65. Rf8+ Ke3 66. Rg8
Rh1+ 67. Kc2 d3+ 68. Kc3 Rc1+ 69. Kb2 d2 70. Rg3+ Kf4 0-1

[Event "Mistrzostwa Polski Juniorow do lat 18 - Chlopcy"]
[Site "Jastrzebia Gora"]
[Date "1899-12-30"]
[Round "4.10"]
[White "Grzesik, Gracjan"]
[Black "Biesiadecki, Adam"]
[Result "1/2-1/2"]
[WhiteTitle "k"]
[BlackTitle "I"]
[WhiteElo "2149"]
[BlackElo "1761"]

1. c4 e5 2. Nc3 Nf6 3. Nf3 Nc6 4. g3 Bb4 5. Bg2 O-O 6. O-O d6 7. Nd5 Nxd5 8. cxd5
Ne7 9. Qa4 Bc5 10. d4 exd4 11. Nxd4 Nf5 12. Nb3 Bb6 13. Bd2 Re8 14. e4 Ne7 15.
Ba5 Bd7 16. Qc4 c5 17. Bd2 Ng6 18. f4 a6 19. a4 Ba7 20. Kh1 b5 21. Qc2 c4 22.
Na5 Bb6 23. axb5 axb5 24. b4 cxb3 25. Nxb3 Ra4 26. Bc3 Qc7 27. Qb2 f6 28. h4 Rc4
29. Rfc1 Rc8 30. Bb4 Be3 31. Bd2 Bxd2 32. Qxd2 Bg4 33. Kh2 1/2-1/2